000 00301nam a22001337a 4500
008 181102b xxu||||| |||| 00| 0 eng d
020 _a9781572240612
041 _aeng
080 _a159.9
100 _a48
101 _aPSI
245 _aTreating Depressed Children
_cDuldey,Ch.D
942 _2udc
_cBK
999 _c51571
_d51571